| 000 | 00000nas 2200000za 4500 |
| 001 | 9.505704 |
| 003 | CaOODSP |
| 005 | 20240527135424 |
| 007 | cr ||||||||||| |
| 008 | 150406c20099999xxc x m o||||f0 |0eng|d |
| 040 | |aCaOODSP|beng |
| 043 | |an-cn--- |
| 086 | 1 |aCW69-21E-PDF |
| 130 | 0 |aSpecies at Risk Act, action plan series (Online) |
| 245 | 10|aSpecies at Risk Act, action plan series |h[electronic resource] |
| 260 | |a[Ottawa] : |bEnvironment Canada,|c[2009]- |
| 310 | |aIrregular |
| 710 | 2 |aCanadian Wildlife Service. |
| 775 | 08|tSérie de Plans d'action de la Loi sur les espèces en péril |w(CaOODSP)9.502108 |
| 776 | 0#|tSpecies at Risk Act, action plan series.|w(CaOODSP)9.833117 |